000 00633cam a22002053a 4500
001 35348
003 PGUSA
005 20140828083748.0
008 110221s2011||||xxu|||||s|||||000 | eng d
040 _aPGUSA
_beng
042 _adc
100 1 _aDoyle, Arthur Conan,
_d1859-1930
245 1 2 _aA Duet, with Occasional Chorus
_h[electronic resource] /
_cArthur Conan Doyle
260 _bProject Gutenberg,
_c2011
506 _aCopyrighted. Read the copyright notice inside this book for details.
516 _aElectronic text
830 0 _aProject Gutenberg
_v35348
856 4 0 _uhttp://www.gutenberg.org/ebooks/35348
942 _cEB
999 _c264603
_d264603